[Event "FRA-chT2 South 0809"]
[Site "France"]
[Date "2009.04.04"]
[Round "10.1"]
[White "Sanchez, Nicolas"]
[Black "Petrossian, Armen"]
[Result "0-1"]
[WhiteElo "2255"]
[BlackElo "2411"]
[PlyCount "78"]
[EventDate "2008.10.12"]
[EventType "team-tourn"]
[EventRounds "11"]
[EventCountry "FRA"]
[SourceTitle "EXT 2010"]
[Source "ChessBase"]
[SourceDate "2010.11.25"]
[SourceVersion "1"]
[SourceVersionDate "2010.11.25"]
[SourceQuality "1"]
[WhiteTeam "Ramonville"]
[BlackTeam "Marseille Echecs II"]
[WhiteTeamCountry "FRA"]
[BlackTeamCountry "FRA"]

1. d4 d5 2. c4 dxc4 3. Nf3 Nf6 4. Nc3 a6 5. e4 b5 6. e5 Nd5 7. a4 e6 8. axb5 Nb6 9. Be2 Bb7 10. 0-0 Qd7 11. bxa6 Rxa6 12. Be3 Rxa1 13. Qxa1 Nc6 14. Rd1 Nb4 15. Qa7 Bd5 16. Qb8+ Qd8 17. Qxd8+ Kxd8 18. Ng5 Ke7 19. Nge4 Kd7 20. Bh5 g6 21. Be2 Be7 22. Ra1 Ra8 23. Rxa8 Bxa8 24. Nc5+ Kc8 25. N3e4 Nd3 26. Nxd3 Bxe4 27. Nc5 Bd5 28. Bd1 Bxc5 29. dxc5 Nd7 30. f4 Kb7 31. g4 Ka6 32. Be2 Kb5 33. b3 Nxc5 34. bxc4+ Bxc4 35. Bf3 Nd3 36. h4 c5 37. h5 Nb4 38. f5 gxf5 39. g5 Nd3 0-1

[Event "FRA-chT2 South 0809"]
[Site "France"]
[Date "2009.03.15"]
[Round "9.1"]
[White "Meynard, Thibault"]
[Black "Sanchez, Nicolas"]
[Result "1/2-1/2"]
[WhiteElo "2269"]
[BlackElo "2255"]
[PlyCount "50"]
[EventDate "2008.10.12"]
[EventType "team-tourn"]
[EventRounds "11"]
[EventCountry "FRA"]
[SourceTitle "EXT 2010"]
[Source "ChessBase"]
[SourceDate "2010.11.25"]
[SourceVersion "1"]
[SourceVersionDate "2010.11.25"]
[SourceQuality "1"]
[WhiteTeam "Avignon"]
[BlackTeam "Ramonville"]
[WhiteTeamCountry "FRA"]
[BlackTeamCountry "FRA"]

1. b4 a5 2. b5 b6 3. e4 Bb7 4. d3 d6 5. f4 Nd7 6. Nf3 e5 7. Be2 Ngf6 8. 0-0 g6 9. c3 Bg7 10. fxe5 dxe5 11. Qe1 0-0 12. Qh4 Ne8 13. Qh3 Nc5 14. Bh6 Bxh6 15. Qxh6 Qe7 16. d4 Nxe4 17. Nxe5 N8d6 18. a4 f6 19. Ng4 Ng5 20. Bd3 f5 21. Ne5 Ngf7 22. Nxf7 Qxf7 23. Nd2 Rae8 24. Rf2 Qg7 25. Qxg7+ Kxg7 1/2-1/2

[Event "Ouest Toulousain op-A 4th"]
[Site "Tournefeuille"]
[Date "2009.02.19"]
[Round "6"]
[White "Cilla, Mario"]
[Black "Sanchez, Nicolas"]
[Result "0-1"]
[WhiteElo "1930"]
[BlackElo "2255"]
[PlyCount "94"]
[EventDate "2009.02.16"]
[EventType "swiss"]
[EventRounds "9"]
[EventCountry "FRA"]
[SourceTitle "CBM 128 Extra"]
[Source "ChessBase"]
[SourceDate "2009.03.05"]
[SourceVersion "2"]
[SourceVersionDate "2009.03.25"]
[SourceQuality "1"]

1. Nf3 Nf6 2. d4 g6 3. Nc3 d5 4. Bf4 Bg7 5. e3 0-0 6. Be2 c5 7. Ne5 cxd4 8. exd4 Qb6 9. a3 Nc6 10. Nxc6 Qxc6 11. Be5 a6 12. g4 Be6 13. h4 Rac8 14. h5 Ne4 15. Nxe4 dxe4 16. Bxg7 Kxg7 17. c3 e3 18. f3 Qd6 19. Rh3 f5 20. d5 Qxd5 21. Qxd5 Bxd5 22. f4 fxg4 23. Bxg4 e6 24. Rd1 Rc4 25. hxg6 Rcxf4 26. Be2 hxg6 27. Rxe3 Kf6 28. Kd2 Rh8 29. Rg3 Rh2 30. Rgg1 Rff2 31. Rxg6+ Ke7 32. Rg7+ Kd6 33. Re1 Bc4 34. Rxb7 Rxe2+ 35. Rxe2 Rxe2+ 36. Kc1 Kc6 37. Rb8 Bd5 38. Kd1 Rh2 39. Rb4 a5 40. Rb8 Kc7 41. Rb5 a4 42. Rb4 Bb3+ 43. Kc1 Rc2+ 44. Kb1 Rd2 45. Rd4 Rxd4 46. cxd4 Kc6 47. Kc1 Kd5 0-1

[Event "Ouest Toulousain op-A 4th"]
[Site "Tournefeuille"]
[Date "2009.02.18"]
[Round "4"]
[White "Sanchez, Nicolas"]
[Black "Forgues, Valerie"]
[Result "1/2-1/2"]
[WhiteElo "2255"]
[BlackElo "2011"]
[PlyCount "90"]
[EventDate "2009.02.16"]
[EventType "swiss"]
[EventRounds "9"]
[EventCountry "FRA"]
[SourceTitle "CBM 128 Extra"]
[Source "ChessBase"]
[SourceDate "2009.03.05"]
[SourceVersion "2"]
[SourceVersionDate "2009.03.25"]
[SourceQuality "1"]

1. d4 Nf6 2. c4 e6 3. Nf3 b6 4. g3 Ba6 5. b3 Bb4+ 6. Bd2 Be7 7. Nc3 d5 8. Bg2 c6 9. Ne5 Nfd7 10. Nxd7 Nxd7 11. 0-0 0-0 12. Bf4 Rc8 13. cxd5 exd5 14. Re1 Bb4 15. Bd2 Re8 16. Bh3 Ra8 17. Rc1 Nf6 18. Nb1 Bxd2 19. Nxd2 Qd6 20. Qc2 Bc8 21. Bg2 Bd7 22. e3 Rac8 23. Qb2 Bf5 24. b4 Ne4 25. Nf1 Qd7 26. f3 Nd6 27. Nd2 Re7 28. e4 dxe4 29. fxe4 Bg4 30. Nb3 Be6 31. d5 cxd5 32. exd5 Bg4 33. Rxc8+ Nxc8 34. Qc3 Rxe1+ 35. Qxe1 h6 36. Nd4 Kf8 37. Nc6 Ne7 38. Ne5 Qc8 39. d6 Ng6 40. Nxg6+ fxg6 41. Qe7+ Kg8 42. Bd5+ Kh7 43. Qc7 Qe8 44. Qe7 Qc8 45. Qc7 Qe8 1/2-1/2

[Event "Cannes op"]
[Site "Cannes"]
[Date "2009.02.??"]
[Round "?"]
[White "Sanchez, Nicolas"]
[Black "Horvath, Jozsef"]
[Result "0-1"]
[WhiteElo "2255"]
[BlackElo "2542"]
[PlyCount "64"]
[EventDate "2009.02.??"]
[EventType "swiss"]
[EventRounds "9"]
[EventCountry "FRA"]
[SourceTitle "EXT 2010"]
[Source "ChessBase"]
[SourceDate "2010.11.25"]
[SourceVersion "1"]
[SourceVersionDate "2010.11.25"]
[SourceQuality "1"]

1. d4 Nf6 2. c4 g6 3. Nc3 Bg7 4. e4 d6 5. Nf3 0-0 6. Be2 Na6 7. Qc2 c5 8. d5 e6 9. 0-0 exd5 10. cxd5 Rb8 11. h3 Nc7 12. Bf4 b5 13. a4 a6 14. Rad1 b4 15. Nb1 Re8 16. e5 Nfxd5 17. Bg3 dxe5 18. Qxc5 Bb7 19. Bc4 Ne6 20. Qa7 Qb6 21. Qxb6 Nxb6 22. Bxe6 Rxe6 23. b3 Rbe8 24. a5 Nd5 25. Ng5 R6e7 26. Ne4 Ne3 27. fxe3 Bxe4 28. Rd6 Bh6 29. Kf2 Re6 30. Rxe6 Rxe6 31. Bh4 g5 32. Bg3 Rf6+ 0-1